MARC

LEADER 00000nam0a2200000 4500
001 260154
005 20231101233443.0
035 |a (RuTPU)RU\TPU\book\283100 
090 |a 260154 
100 |a 20140514d1988 m y0rusy50 ca 
101 0 |a rus 
102 |a RU 
105 |a a z 000zy 
200 1 |a Нашим женщинам  |f сост. Л. Волошинова 
210 |a Воронеж  |c Центрально-Черноземное изд-во  |d 1988 
215 |a 543 с.  |c ил. 
606 1 |a Домоводство  |2 stltpush  |3 (RuTPU)RU\TPU\subj\9989  |9 37135 
610 1 |a полезные советы 
610 1 |a пища 
610 1 |a приготовление 
610 1 |a квартиры 
610 1 |a благоустройство 
610 1 |a заготовки 
610 1 |a рукоделие 
675 |a 64  |v 3 
702 1 |a Волошинова  |b Л.  |4 220 
801 1 |a RU  |b 63413507  |c 20140514 
801 2 |a RU  |b 63413507  |c 20150129  |g RCR 
942 |c BK